<?xml version="1.0" encoding="UTF-8"?>
<record
    xmlns:xsi="http://www.w3.org/2001/XMLSchema-instance"
    xsi:schemaLocation="http://www.loc.gov/MARC21/slim http://www.loc.gov/standards/marcxml/schema/MARC21slim.xsd"
    xmlns="http://www.loc.gov/MARC21/slim">

  <leader>00573nam a22001457a 4500</leader>
  <datafield tag="999" ind1=" " ind2=" ">
    <subfield code="c">122204</subfield>
    <subfield code="d">122204</subfield>
  </datafield>
  <controlfield tag="005">20210506150755.0</controlfield>
  <controlfield tag="008">210506b           ||||| |||| 00| 0 eng d</controlfield>
  <datafield tag="040" ind1=" " ind2=" ">
    <subfield code="c">PK-LaUMT</subfield>
  </datafield>
  <datafield tag="082" ind1=" " ind2=" ">
    <subfield code="a">RHC 891.4398</subfield>
    <subfield code="b">YUS-A</subfield>
  </datafield>
  <datafield tag="100" ind1=" " ind2=" ">
    <subfield code="a">Yusuf Sirmust = &#x6CC;&#x648;&#x633;&#x641; &#x633;&#x631;&#x645;&#x633;&#x62A;</subfield>
  </datafield>
  <datafield tag="245" ind1=" " ind2=" ">
    <subfield code="a">Adab ki mahiyyat munsab aur tareef classkiyyat aur romaniyyat = &#x627;&#x62F;&#x628; &#x6A9;&#x6CC; &#x645;&#x627;&#x6C1;&#x6CC;&#x62A; &#x645;&#x646;&#x635;&#x628; &#x627;&#x648;&#x631; &#x62A;&#x639;&#x631;&#x6CC;&#x641; &#x6A9;&#x644; &#x633;&#x6A9;&#x6CC;&#x62A; &#x627;&#x648;&#x631; &#x631;&#x648;&#x645;&#x627;&#x646;&#x6CC;&#x62A; :</subfield>
    <subfield code="b">adab bara i adab = &#x627;&#x62F;&#x628; &#x628;&#x631;&#x626;&#x6D2; &#x627;&#x62F;&#x628;  /</subfield>
    <subfield code="c">by </subfield>
  </datafield>
  <datafield tag="260" ind1=" " ind2=" ">
    <subfield code="a">Hyderabad :</subfield>
    <subfield code="b">Tamkeen Sirmast Academy,</subfield>
    <subfield code="c">1983</subfield>
  </datafield>
  <datafield tag="300" ind1=" " ind2=" ">
    <subfield code="a">120 p.</subfield>
  </datafield>
  <datafield tag="942" ind1=" " ind2=" ">
    <subfield code="c">BK</subfield>
  </datafield>
  <datafield tag="952" ind1=" " ind2=" ">
    <subfield code="0">0</subfield>
    <subfield code="1">0</subfield>
    <subfield code="4">0</subfield>
    <subfield code="7">0</subfield>
    <subfield code="a">01</subfield>
    <subfield code="b">01</subfield>
    <subfield code="d">2021-05-06</subfield>
    <subfield code="l">0</subfield>
    <subfield code="o">RHC 891.4398 YUS-A</subfield>
    <subfield code="p">137568</subfield>
    <subfield code="r">2021-05-06 00:00:00</subfield>
    <subfield code="w">2021-05-06</subfield>
    <subfield code="y">BK</subfield>
  </datafield>
</record>
